| 000 | 02490cam a2200337 i 4500 | ||
|---|---|---|---|
| 001 | 20844251 | ||
| 003 | NUST | ||
| 005 | 20220828182619.0 | ||
| 008 | 190207s2019 nyu 000 1 eng | ||
| 010 | _a 2019004792 | ||
| 020 |
_a9780812996548 _q(hardcover : acid-free paper) |
||
| 020 |
_a9780812986471 _q(paperback : acid-free paper) |
||
| 020 |
_z9780812996555 _q(ebook) |
||
| 038 | _aAzhar | ||
| 040 |
_aDLC _beng _erda _cDLC _dDLC |
||
| 042 | _apcc | ||
| 050 | 0 | 0 |
_aPS3569.T736 _bO45 2019 |
| 082 | 0 | 0 |
_a813.54 _223 _bSTR |
| 100 | 1 |
_aStrout, Elizabeth, _eauthor. _994772 |
|
| 245 | 1 | 0 |
_aOlive, again _cElizabeth Strout. |
| 260 |
_aNew York : _bRandom House, _c2019 |
||
| 300 |
_a289 p _c25 cm |
||
| 336 |
_atext _btxt _2rdacontent |
||
| 337 |
_aunmediated _bn _2rdamedia |
||
| 338 |
_avolume _bnc _2rdacarrier |
||
| 520 | _a"Funny, wicked and remorseful, Mrs. Kitteridge is a compelling life force, a red blooded original. When she's not onstage, we look forward to her return..."* And now, indeed, Olive Kitteridge has returned, as indomitable as ever. "It turns out--I just wasn't done with Olive," said Strout. "It was like she kept poking me in the ribs, so I finally said 'Okay, okay...'" Now Olive returns, this time as a person getting older, navigating her next decade as she comes to terms with the changes--sometimes welcome, sometimes not--in her own life. Here is Olive, strangely content in her second marriage, still in an evolving relationship with her son and his family, encountering a cast of memorable characters in the seaside town of Crosby, Maine. Whether it's a young girl coming to terms with the loss of her father, a young woman about to give birth at a baby shower, or a nurse who confesses a secret high school crush, the irascible Olive improbably touches the lives of others. Elizabeth Strout has achieved greatness by brilliantly laying bare the inner lives of ordinary people, by focusing on the small moments of connection which can dislodge lifelong grief and longing, and unite her characters through moments of transcendent grace. Olive, Again is another lasting work of fiction by this remarkable writer, and a cause for celebration among readers everywhere. | ||
| 563 | _aHB | ||
| 906 |
_a7 _bcbc _corignew _d1 _eecip _f20 _gy-gencatlg |
||
| 942 |
_2ddc _cLC |
||
| 999 |
_c590554 _d590554 |
||